Narrativas de memorias y resistencias / (Registro nro. 17661)
[ vista simple ]
| 000 -LEADER | |
|---|---|
| fixed length control field | 01604nam a2200313 4500 |
| 001 - CONTROL NUMBER | |
| control field | 0000024030 |
| 003 - CONTROL NUMBER IDENTIFIER | |
| control field | CO-CtgCURN |
| 005 - DATE AND TIME OF LATEST TRANSACTION | |
| control field | 20250506231128.0 |
| 007 - PHYSICAL DESCRIPTION FIXED FIELD--GENERAL INFORMATION | |
| fixed length control field | ta |
| 008 - FIXED-LENGTH DATA ELEMENTS--GENERAL INFORMATION | |
| fixed length control field | 160627s2014 000 0 eng d |
| 020 ## - INTERNATIONAL STANDARD BOOK NUMBER | |
| International Standard Book Number | 9789587630909 |
| 040 ## - CATALOGING SOURCE | |
| Original cataloging agency | CO-CtgCURN |
| Language of cataloging | spa |
| Transcribing agency | coctgcurn |
| 082 0# - DEWEY DECIMAL CLASSIFICATION NUMBER | |
| Classification number | 303.6 |
| Item number | N234 |
| 245 00 - TITLE STATEMENT | |
| Title | Narrativas de memorias y resistencias / |
| Statement of responsibility, etc. | Nathalia Martínez Mora ... [et al.]. |
| 260 ## - PUBLICATION, DISTRIBUTION, ETC. | |
| Place of publication, distribution, etc. | Bogotá : |
| Name of publisher, distributor, etc. | Corporación Universitaria Minuto de Dios, |
| Date of publication, distribution, etc. | 2014. |
| 300 ## - PHYSICAL DESCRIPTION | |
| Extent | 255 p. |
| 336 ## - CONTENT TYPE | |
| Source | rdacontent |
| 337 ## - MEDIA TYPE | |
| Source | rdamedia |
| Media type term | sin mediacion |
| Media type code | n |
| 338 ## - CARRIER TYPE | |
| Source | rdacarrier |
| Carrier type term | volumen |
| Carrier type code | nc |
| 500 ## - GENERAL NOTE | |
| General note | Incluye indice. |
| 504 ## - BIBLIOGRAPHY, ETC. NOTE | |
| Bibliography, etc. note | Incluye bibliografia al final de cada capitulo. |
| 505 8# - FORMATTED CONTENTS NOTE | |
| Formatted contents note | Aproximaciones teoricas y metodologicas al estudio de la memoria -- Visibilizacion de la memoria: un análisis a la producción academica -- Las políticas de la memoria y la identidad política en la Organizacion Femenina Popular (OFP): una mirada teorico-metodologica -- Construcción de memoria historica-colectiva desde las victimas en Colombia -- Narrativas: mujeres, lugares y subjetividades -- Rojos y azules: rastros de una violencia de distintos trapos -- Maternidades en resistencia -- Resignificando la casita del terror: el espacio como representacion de la reconciliacion |
| 650 14 - SUBJECT ADDED ENTRY--TOPICAL TERM | |
| Topical term or geographic name entry element | Conflicto armado |
| General subdivision | Aspectos sociales |
| Geographic subdivision | Colombia. |
| 650 14 - SUBJECT ADDED ENTRY--TOPICAL TERM | |
| Topical term or geographic name entry element | Violencia |
| General subdivision | Aspectos sociales |
| Geographic subdivision | Colombia. |
| 700 1# - ADDED ENTRY--PERSONAL NAME | |
| Personal name | Martínez Mora, Nathalia. |
| 908 ## - PUT COMMAND PARAMETER (RLIN) | |
| Put command parameter | 160627 |
| 942 ## - ADDED ENTRY ELEMENTS (KOHA) | |
| Koha item type | Libros |
| Classification part | 303.6 |
| Item part | N234 |
| Source of classification or shelving scheme | Dewey Decimal Classification |
| Suppress in OPAC | No |
| Withdrawn status | Lost status | Source of classification or shelving scheme | Damaged status | Not for loan | Collection | Home library | Current library | Shelving location | Date acquired | Inventory number | Total checkouts | Full call number | Barcode | Date last seen | Price effective from | Koha item type | Public note |
|---|---|---|---|---|---|---|---|---|---|---|---|---|---|---|---|---|---|
| Dewey Decimal Classification | General | Miguel Henríquez Castañeda | Miguel Henríquez Castañeda | General | 03/31/2025 | 002885 | 303.6 N234 | 002885 | 03/31/2025 | 03/31/2025 | Libros | 300-CIENSO |